[Event "Viljandi Raud Olympic 51st"]
[Site "Viljandi"]
[Date "2017.07.01"]
[Round "2.1"]
[White "Kveinys, Aloyzas"]
[Black "Soskov, Vjatsheslav"]
[Result "1-0"]
[WhiteElo "2542"]
[BlackElo "2291"]
[PlyCount "71"]
[EventDate "2017.07.01"]
[EventType "k.o. (rapid)"]
[EventRounds "6"]
[EventCountry "EST"]
[SourceTitle "CBM 179 Extra"]
[Source "ChessBase"]
[SourceDate "2017.08.23"]
[SourceVersion "1"]
[SourceVersionDate "2017.08.23"]
[SourceQuality "1"]

1. d4 Nf6 2. c4 e6 3. Nf3 b6 4. g3 Bb7 5. Bg2 Be7 6. 0-0 0-0 7. Re1 c5 8. d5 exd5 9. Nh4 Ne4 10. cxd5 Bxh4 11. Bxe4 Bf6 12. Nc3 d6 13. Qc2 g6 14. h4 Nd7 15. f4 Bg7 16. Bf3 Re8 17. Bd2 a6 18. a4 Qc7 19. h5 c4 20. hxg6 hxg6 21. Kg2 Nc5 22. e3 Qd7 23. Rh1 Nb3 24. Rae1 b5 25. Ne4 Nxd2 26. Qxd2 bxa4 27. Rh4 a3 28. bxa3 f5 29. Nc3 Rac8 30. g4 Bf6 31. g5 Bg7 32. Reh1 Qc7 33. Rh6 Kf7 34. Rxg6 Rg8 35. Qc2 Qd7 36. Re6 1-0

[Event "Viljandi Raud Olympic 51st"]
[Site "Viljandi"]
[Date "2017.07.01"]
[Round "2.2"]
[White "Soskov, Vjatsheslav"]
[Black "Kveinys, Aloyzas"]
[Result "0-1"]
[WhiteElo "2291"]
[BlackElo "2542"]
[PlyCount "108"]
[EventDate "2017.07.01"]
[EventType "k.o. (rapid)"]
[EventRounds "6"]
[EventCountry "EST"]
[SourceTitle "CBM 179 Extra"]
[Source "ChessBase"]
[SourceDate "2017.08.23"]
[SourceVersion "1"]
[SourceVersionDate "2017.08.23"]
[SourceQuality "1"]

1. e4 c5 2. Nf3 e6 3. d4 cxd4 4. Nxd4 a6 5. Bd3 Bc5 6. Nb3 Be7 7. c4 d6 8. Nc3 Nf6 9. 0-0 0-0 10. Qe2 Nbd7 11. f4 Qc7 12. Kh1 Re8 13. Bd2 Bf8 14. Rae1 e5 15. f5 b5 16. cxb5 axb5 17. Nxb5 Qb6 18. Ra1 Bb7 19. a4 d5 20. a5 Qd8 21. exd5 Nxd5 22. Nc3 Nf4 23. Bxf4 exf4 24. Qf2 Ne5 25. Be4 Bxe4 26. Nxe4 Qd5 27. Nbd2 f3 28. Nc3 fxg2+ 29. Qxg2 Qd8 30. a6 Qb6 31. Nd5 Qd8 32. b4 Kh8 33. b5 Ng4 34. b6 Nxh2 35. Qxh2 Qxd5+ 36. Qg2 Qd6 37. b7 Rxa6 38. Rxa6 Qxa6 39. f6 g6 40. Rb1 Rb8 41. Qf3 Bd6 42. Qd5 Qa3 43. Nf3 Bf8 44. Rb3 Qc1+ 45. Kg2 Qf4 46. Qd4 Qf5 47. Qe5 Qc2+ 48. Kh3 Qxb3 49. Qxb8 Qxf3+ 50. Kh4 Qxf6+ 51. Kh3 Kg7 52. Qc8 Bd6 53. b8Q Qf3+ 54. Kh4 Qg3# 0-1

[Event "Riga Tech op 6th"]
[Site "Riga"]
[Date "2016.08.11"]
[Round "5"]
[White "Kantans, Toms"]
[Black "Soskov, Vjatsheslav"]
[Result "1-0"]
[WhiteElo "2482"]
[BlackElo "2277"]
[PlyCount "53"]
[EventDate "2016.08.08"]
[EventType "swiss"]
[EventRounds "9"]
[EventCountry "LAT"]
[SourceTitle "CBM 173 Extra"]
[Source "ChessBase"]
[SourceDate "2016.08.29"]
[SourceVersion "1"]
[SourceVersionDate "2016.08.29"]
[SourceQuality "1"]

1. e4 c5 2. Nf3 e6 3. d4 cxd4 4. Nxd4 Nc6 5. Nc3 Qc7 6. Be2 a6 7. 0-0 Nf6 8. Be3 Bb4 9. Na4 0-0 10. c4 Nxe4 11. Bf3 f5 12. Bxe4 fxe4 13. c5 Qe5 14. Nb6 Rb8 15. Rc1 d5 16. Nxc6 bxc6 17. Qa4 Rxb6 18. cxb6 Bd6 19. g3 Bb7 20. Rxc6 Bxc6 21. Qxc6 d4 22. Bf4 Rxf4 23. gxf4 Qf5 24. f3 e3 25. Qxd6 e2 26. Re1 d3 27. b7 1-0

[Event "Viljandi Raud Memorial 49th"]
[Site "Viljandi"]
[Date "2015.07.02"]
[Round "6"]
[White "Haavamae, Henrik"]
[Black "Soskov, Vjatsheslav"]
[Result "0-1"]
[WhiteElo "2055"]
[BlackElo "2289"]
[PlyCount "120"]
[EventDate "2015.06.29"]
[EventType "swiss"]
[EventRounds "9"]
[EventCountry "EST"]
[SourceTitle "CBM 167 Extra"]
[Source "ChessBase"]
[SourceDate "2015.09.14"]
[SourceVersion "1"]
[SourceVersionDate "2015.09.14"]
[SourceQuality "1"]

1. e4 c5 2. Nf3 e6 3. d4 cxd4 4. Nxd4 a6 5. Nc3 Qc7 6. Bd3 Nf6 7. 0-0 Nc6 8. Be3 Ne5 9. h3 Bc5 10. Kh1 Ng6 11. f4 d6 12. f5 Ne5 13. Qe1 0-0 14. Qh4 Kh8 15. Rf3 Nxf3 16. gxf3 Qd8 17. Rg1 Bxd4 18. Bxd4 e5 19. Bb6 Qe7 20. Be3 Ng8 21. Rg5 g6 22. Nd5 Qd8 23. Bb6 Qd7 24. Be3 Qd8 25. Bb6 Qd7 26. Ba5 Rb8 27. Rg3 b6 28. Bd2 f6 29. Rxg6 Bb7 30. Bc4 Bxd5 31. Bxd5 Ne7 32. Be6 Nxg6 33. fxg6 Qg7 34. Bf5 Rg8 35. Bh6 Qe7 36. gxh7 Rgd8 37. Qg4 Rb7 38. Qg6 Qf7 39. Qg4 Rc7 40. c3 b5 41. h4 Qc4 42. Kg1 Qf7 43. h5 b4 44. Qg6 bxc3 45. bxc3 Rb8 46. Bh3 Rb1+ 47. Kh2 Rb2+ 48. Kg3 Rxa2 49. Kg4 a5 50. Kf5 a4 51. Qg8+ Qxg8 52. hxg8Q+ Kxg8 53. Kg6 Rf2 54. Be6+ Kh8 55. Bg4 a3 56. Bf8 a2 57. h6 Rg2 58. Bg7+ Rxg7+ 59. hxg7+ Kg8 60. Kxf6 Rxg4 0-1

[Event "Viljandi Raud Memorial 49th"]
[Site "Viljandi"]
[Date "2015.06.30"]
[Round "2"]
[White "Miezis, Normunds"]
[Black "Soskov, Vjatsheslav"]
[Result "1-0"]
[WhiteElo "2508"]
[BlackElo "2289"]
[PlyCount "117"]
[EventDate "2015.06.29"]
[EventType "swiss"]
[EventRounds "9"]
[EventCountry "EST"]
[SourceTitle "CBM 167 Extra"]
[Source "ChessBase"]
[SourceDate "2015.09.14"]
[SourceVersion "1"]
[SourceVersionDate "2015.09.14"]
[SourceQuality "1"]

1. c4 e5 2. Nc3 Nf6 3. Nf3 Nc6 4. e3 Bb4 5. Qc2 0-0 6. Nd5 Re8 7. Ng5 g6 8. h4 Bf8 9. a3 Bg7 10. b4 d6 11. Bb2 Bf5 12. d3 Nxd5 13. cxd5 Ne7 14. e4 Bd7 15. f4 exf4 16. Bxg7 Kxg7 17. Qb2+ f6 18. Be2 h6 19. Nf3 c6 20. Qd2 cxd5 21. Qxf4 Qb6 22. g4 dxe4 23. dxe4 d5 24. g5 dxe4 25. gxh6+ Kh8 26. Ne5 Bf5 27. Nf7+ Kh7 28. Rd1 Qe6 29. Nd6 Nd5 30. Qg3 Qe5 31. Rg1 Nf4 32. Nxf5 Qxf5 33. Rf1 g5 34. hxg5 fxg5 35. Bg4 Nd3+ 36. Kd2 Qe5 37. Bf5+ Kh8 38. Qxe5+ Nxe5 39. Ke2 Re7 40. Rd4 e3 41. Re4 Rae8 42. b5 b6 43. a4 g4 44. Rg1 Nf3 45. Rgxg4 Nd2 46. Rxe7 Rxe7 47. Rd4 Re8 48. Bg6 Nf3 49. Re4 Rxe4 50. Bxe4 Nd4+ 51. Kxe3 Ne6 52. Bc2 Nc5 53. Kd4 a6 54. a5 bxa5 55. b6 Nd7 56. b7 Nb8 57. Kc5 a4 58. Bxa4 Kh7 59. Kb6 1-0

[Event "Viljandi Raud Memorial 48th"]
[Site "Viljandi"]
[Date "2014.07.06"]
[Round "9"]
[White "Volodin, Aleksandr"]
[Black "Soskov, Vjatsheslav"]
[Result "1-0"]
[WhiteElo "2490"]
[BlackElo "2288"]
[PlyCount "117"]
[EventDate "2014.06.30"]
[EventType "swiss"]
[EventRounds "9"]
[EventCountry "EST"]
[SourceTitle "CBM 161 Extra"]
[Source "ChessBase"]
[SourceDate "2014.08.29"]
[SourceVersion "1"]
[SourceVersionDate "2014.08.29"]
[SourceQuality "1"]

1. d4 e6 2. g3 c5 3. e3 Nf6 4. Bg2 d5 5. Nf3 Be7 6. 0-0 0-0 7. c4 Nc6 8. Qe2 b6 9. Ne5 Bb7 10. Nc3 cxd4 11. Nxc6 Bxc6 12. exd4 Rc8 13. cxd5 Nxd5 14. Ne4 Qd7 15. Rd1 Bb5 16. Qh5 Rc2 17. Bf3 f5 18. Qh3 h6 19. Nd2 Rfc8 20. Nf1 Be2 21. Bxe2 Rxe2 22. Bd2 Nf6 23. Re1 Rxe1 24. Rxe1 Rc2 25. Bc3 Ne4 26. Ne3 Rxf2 27. Nxf5 Rxf5 28. Rxe4 Qd5 29. Qg4 Bf6 30. Qe2 Kf7 31. a3 h5 32. h3 a5 33. g4 hxg4 34. hxg4 Rg5 35. Qf3 Rg6 36. Kg2 Ke7 37. Rf4 Rg5 38. Re4 Rg6 39. Kg3 Rg5 40. Bd2 Rg6 41. Be3 Bg5 42. Qf5 Qd6+ 43. Kg2 Bxe3 44. Qxg6 Bxd4 45. Qg5+ Bf6 46. Qb5 Kf7 47. Qe2 Qd5 48. Qf3 g5 49. Re2 Qd6 50. Qe4 Qd5 51. Qxd5 exd5 52. Kf3 Bg7 53. Rc2 Be5 54. b4 axb4 55. axb4 Bd6 56. b5 Ke7 57. Rc6 Bc5 58. Rg6 d4 59. Ke4 1-0

[Event "Keres Memorial rap qual 23rd"]
[Site "Tallinn"]
[Date "2014.01.11"]
[Round "5"]
[White "Soskov, Vjatsheslav"]
[Black "Burmakin, Vladimir"]
[Result "1/2-1/2"]
[WhiteElo "2291"]
[BlackElo "2574"]
[PlyCount "100"]
[EventDate "2014.01.10"]
[EventType "swiss (rapid)"]
[EventRounds "7"]
[EventCountry "EST"]
[SourceTitle "CBM 158 Extra"]
[Source "ChessBase"]
[SourceDate "2014.02.28"]
[SourceVersion "1"]
[SourceVersionDate "2014.02.28"]
[SourceQuality "1"]

1. e4 c6 2. Nc3 d5 3. Nf3 g6 4. h3 Bg7 5. d4 dxe4 6. Nxe4 Nd7 7. Bc4 Ngf6 8. Nxf6+ Nxf6 9. 0-0 0-0 10. Re1 b6 11. c3 Bb7 12. Bg5 Qc7 13. Qe2 e6 14. Ne5 Nd5 15. Bxd5 exd5 16. Ng4 f5 17. Nh6+ Kh8 18. Qe6 f4 19. Qe7 Rac8 20. f3 c5 21. dxc5 bxc5 22. Ng4 d4 23. c4 Qxe7 24. Rxe7 Bc6 25. Rxa7 d3 26. Rd1 Rf5 27. Bh6 Bxb2 28. Rxd3 Kg8 29. h4 Be8 30. Bg5 Bg7 31. Nh6+ Bxh6 32. Bxh6 Rf7 33. Rxf7 Bxf7 34. Rc3 Ra8 35. a3 Ra4 36. Bxf4 Bxc4 37. Bd6 Be6 38. Bxc5 Rxh4 39. Kf2 Ra4 40. Bb4 h5 41. Rc7 Ra6 42. Ke3 Bb3 43. Kf4 Rf6+ 44. Kg5 Rf7 45. Rc3 Ba2 46. Kxg6 Rg7+ 47. Kf6 Rxg2 48. Rc8+ Kh7 49. Rc7+ Kg8 50. Rc8+ Kh7 1/2-1/2

[Event "Keres Memorial rap qual 23rd"]
[Site "Tallinn"]
[Date "2014.01.10"]
[Round "4"]
[White "Tominga, Eke"]
[Black "Soskov, Vjatsheslav"]
[Result "0-1"]
[WhiteElo "2074"]
[BlackElo "2291"]
[PlyCount "74"]
[EventDate "2014.01.10"]
[EventType "swiss (rapid)"]
[EventRounds "7"]
[EventCountry "EST"]
[SourceTitle "CBM 158 Extra"]
[Source "ChessBase"]
[SourceDate "2014.02.28"]
[SourceVersion "1"]
[SourceVersionDate "2014.02.28"]
[SourceQuality "1"]

1. e4 c5 2. Nf3 e6 3. d4 cxd4 4. Nxd4 a6 5. Bd3 Nf6 6. 0-0 Qc7 7. Qe2 d6 8. c4 Be7 9. Nc3 0-0 10. Be3 b6 11. Rfd1 Bb7 12. a3 Nbd7 13. b4 Rac8 14. f4 Qb8 15. Rac1 Bd8 16. g4 g6 17. g5 Nh5 18. Qg4 Ng7 19. f5 exf5 20. exf5 Ne5 21. Qe2 Qa8 22. Rf1 Re8 23. f6 Ne6 24. Nd5 Bxd5 25. cxd5 Rxc1 26. dxe6 Rxf1+ 27. Qxf1 fxe6 28. Bb1 b5 29. Ba2 d5 30. Ne2 Qc6 31. Bb3 Bb6 32. Bxb6 Qxb6+ 33. Kg2 Qe3 34. Ba2 Qxg5+ 35. Ng3 Qd2+ 36. Qe2 Qxe2+ 37. Nxe2 Kf7 0-1

[Event "Viljandi Raud Memorial 47th"]
[Site "Viljandi"]
[Date "2013.07.02"]
[Round "3"]
[White "Kanep, Meelis"]
[Black "Soskov, Vjatsheslav"]
[Result "1/2-1/2"]
[WhiteElo "2512"]
[BlackElo "2278"]
[PlyCount "42"]
[EventDate "2013.07.01"]
[EventType "swiss"]
[EventRounds "9"]
[EventCountry "EST"]
[SourceTitle "CBM 155 Extra"]
[Source "ChessBase"]
[SourceDate "2013.08.26"]
[SourceVersion "1"]
[SourceVersionDate "2013.08.26"]
[SourceQuality "1"]

1. Nf3 e6 2. c4 Nf6 3. Nc3 c5 4. g3 b6 5. Bg2 Bb7 6. 0-0 Be7 7. Re1 Nc6 8. e4 Qc7 9. e5 Ng8 10. Nb5 Qb8 11. d4 a6 12. Nc3 cxd4 13. Nxd4 Nxd4 14. Qxd4 Bxg2 15. Kxg2 f5 16. a3 Bd8 17. b4 Ne7 18. b5 axb5 19. cxb5 Qb7+ 20. f3 0-0 21. h4 h5 1/2-1/2

[Event "Viljandi Raud Memorial 47th"]
[Site "Viljandi"]
[Date "2013.07.02"]
[Round "2"]
[White "Soskov, Vjatsheslav"]
[Black "Kulaots, Kaido"]
[Result "1/2-1/2"]
[WhiteElo "2278"]
[BlackElo "2581"]
[PlyCount "76"]
[EventDate "2013.07.01"]
[EventType "swiss"]
[EventRounds "9"]
[EventCountry "EST"]
[SourceTitle "CBM 155 Extra"]
[Source "ChessBase"]
[SourceDate "2013.08.26"]
[SourceVersion "1"]
[SourceVersionDate "2013.08.26"]
[SourceQuality "1"]

1. e4 c5 2. Nf3 d6 3. d4 Nf6 4. Nc3 cxd4 5. Nxd4 a6 6. g3 e5 7. Nde2 Nbd7 8. Bg2 Be7 9. 0-0 b5 10. a4 b4 11. Na2 Rb8 12. c3 bxc3 13. b4 0-0 14. Rb1 Bb7 15. Nexc3 Qc7 16. a5 Rfc8 17. Qe2 Qc4 18. Qxc4 Rxc4 19. Re1 Rbc8 20. Bd2 Nf8 21. b5 axb5 22. Rxb5 Bc6 23. Rb2 Ne6 24. Nd5 Bxd5 25. exd5 Nd4 26. Nb4 Bd8 27. Ra1 Ra8 28. Be3 Rxa5 29. Rxa5 Bxa5 30. Nc6 Nxc6 31. dxc6 Kf8 32. Rb8+ Ke7 33. Rb7+ Kf8 34. Bg5 e4 35. Rb8+ Ke7 36. Rb7+ Kf8 37. Rb8+ Ke7 38. Rb7+ Kf8 1/2-1/2

[Event "EST-chT 23th"]
[Site "Tallinn"]
[Date "2008.??.??"]
[Round "6"]
[White "Kanep, Meelis"]
[Black "Soskov, Vjatsheslav"]
[Result "1/2-1/2"]
[WhiteElo "2523"]
[BlackElo "2254"]
[PlyCount "97"]
[EventDate "2008.05.08"]
[EventType "team-tourn"]
[EventRounds "7"]
[EventCountry "EST"]
[SourceTitle "EXT 2016"]
[Source "ChessBase"]
[SourceDate "2015.10.08"]
[SourceVersion "1"]
[SourceVersionDate "2015.10.08"]
[SourceQuality "1"]

1. d4 Nf6 2. c4 e6 3. g3 c5 4. Nf3 cxd4 5. Nxd4 a6 6. Bg2 Qc7 7. 0-0 Be7 8. Nc3 0-0 9. e4 d6 10. Be3 Nc6 11. Rc1 Nxd4 12. Bxd4 Bd7 13. Re1 Rfd8 14. Qb3 Rdb8 15. Bb6 Qc8 16. a4 Qe8 17. Red1 Rc8 18. a5 Bc6 19. Qc2 Nd7 20. Bd4 Qd8 21. b4 b5 22. axb6 Nxb6 23. Qe2 Na4 24. Na2 Qe8 25. Rb1 Rab8 26. Bf1 Rc7 27. Bg2 Qc8 28. Bf1 Qb7 29. Bg2 Qc8 30. Rbc1 Qb7 31. h4 Bf8 32. Kh2 Rbc8 33. Rb1 Rb8 34. Rbc1 Rbc8 35. Rb1 Rb8 36. Rdc1 Qc8 37. Bf1 Qb7 38. Bg2 Qc8 39. Bf1 Qb7 40. e5 d5 41. c5 Bb5 42. Qd1 Qc6 43. Bg2 Rcb7 44. f4 Ra8 45. f5 exf5 46. Qf3 Rd7 47. Qxf5 Re8 48. Qf3 Qc7 49. Bh3 1/2-1/2

[Event "EST-chT 23th"]
[Site "Tallinn"]
[Date "2008.??.??"]
[Round "2"]
[White "Soskov, Vjatsheslav"]
[Black "Zjukin, Sergei"]
[Result "1/2-1/2"]
[WhiteElo "2254"]
[BlackElo "2313"]
[PlyCount "36"]
[EventDate "2008.05.08"]
[EventType "team-tourn"]
[EventRounds "7"]
[EventCountry "EST"]
[SourceTitle "EXT 2016"]
[Source "ChessBase"]
[SourceDate "2015.10.08"]
[SourceVersion "1"]
[SourceVersionDate "2015.10.08"]
[SourceQuality "1"]

1. f4 d5 2. Nf3 Nf6 3. e3 g6 4. b3 Bg7 5. Bb2 0-0 6. Be2 c5 7. 0-0 Nc6 8. Ne5 Nxe5 9. Bxe5 b6 10. Bf3 Bb7 11. d3 Qd7 12. Nd2 Rfd8 13. Qe2 Ne8 14. Bxg7 Kxg7 15. Rad1 Nd6 16. c4 dxc4 17. Nxc4 Bxf3 18. Qxf3 Nxc4 1/2-1/2

[Event "EST-ch U20"]
[Site "Tallinn"]
[Date "2007.08.06"]
[Round "7"]
[White "Soskov, Vjatsheslav"]
[Black "Moltsanov, Ivan"]
[Result "1-0"]
[WhiteElo "2252"]
[BlackElo "2003"]
[PlyCount "57"]
[EventDate "2007.08.01"]
[EventType "tourn"]
[EventRounds "7"]
[EventCountry "EST"]
[SourceTitle "EXT 2009"]
[Source "ChessBase"]
[SourceDate "2008.11.26"]
[SourceVersion "1"]
[SourceVersionDate "2008.11.26"]
[SourceQuality "1"]

1. Nf3 d5 2. e3 Nf6 3. b3 c5 4. Bb2 e6 5. Ne5 Nc6 6. Bb5 Bd7 7. Bxc6 Bxc6 8. 0-0 Be7 9. d3 0-0 10. Nd2 Rc8 11. f4 b5 12. Rf3 Ba8 13. Rh3 d4 14. e4 h6 15. a4 Nd7 16. axb5 Nxe5 17. fxe5 Qc7 18. Nc4 Qb8 19. Qg4 Kh7 20. Bc1 Rh8 21. Bd2 Qxb5 22. Rf1 Qe8 23. Rff3 Kg8 24. Bxh6 g6 25. Bg5 Rxh3 26. Rxh3 Bxg5 27. Qxg5 Qf8 28. Nd6 Rb8 29. Rf3 1-0

[Event "EST-ch U20"]
[Site "Tallinn"]
[Date "2007.08.03"]
[Round "4"]
[White "Kasela, Sten"]
[Black "Soskov, Vjatsheslav"]
[Result "0-1"]
[WhiteElo "2020"]
[BlackElo "2252"]
[PlyCount "124"]
[EventDate "2007.08.01"]
[EventType "tourn"]
[EventRounds "7"]
[EventCountry "EST"]
[SourceTitle "EXT 2009"]
[Source "ChessBase"]
[SourceDate "2008.11.26"]
[SourceVersion "1"]
[SourceVersionDate "2008.11.26"]
[SourceQuality "1"]

1. d4 Nf6 2. Nf3 e6 3. c4 c5 4. Nc3 cxd4 5. Nxd4 a6 6. a3 Qc7 7. e3 Nc6 8. Be2 Ne5 9. Qa4 b6 10. f4 Nc6 11. Nxc6 dxc6 12. 0-0 Bb7 13. Bf3 Be7 14. b4 0-0 15. Bb2 Rfe8 16. Qc2 a5 17. Ne2 axb4 18. axb4 Bxb4 19. Bxf6 gxf6 20. Qb2 Bc5 21. Qxf6 Bxe3+ 22. Kh1 Qe7 23. Qe5 Qc5 24. Rxa8 Bxa8 25. Ng3 Qxe5 26. fxe5 Bd4 27. Bh5 Rf8 28. Ne4 Bxe5 29. Ng5 f6 30. Nxe6 Rb8 31. Rb1 b5 32. Be2 b4 33. Nc5 Bd4 34. Na6 Re8 35. Bf3 c5 36. Nc7 Bxf3 37. gxf3 Re2 38. Na6 Re6 39. Nc7 Re3 40. Nd5 Rxf3 41. Nxb4 cxb4 42. Rxb4 Rf2 43. h3 Rc2 44. Rb7 Rxc4 45. Kg2 Be5 46. Kf3 Rc7 47. Rb5 Kg7 48. Rd5 Kg6 49. Rd8 Kf5 50. Rg8 Rc3+ 51. Kg2 h5 52. Rh8 Rg3+ 53. Kf2 Rxh3 54. Kg2 Rh2+ 55. Kf3 h4 56. Rh5+ Kg6 57. Rh8 Bg3 58. Kg4 f5+ 59. Kf3 Rf2+ 60. Ke3 f4+ 61. Ke4 Re2+ 62. Kf3 Re3+ 0-1

[Event "EST-ch U20"]
[Site "Tallinn"]
[Date "2007.08.02"]
[Round "3"]
[White "Soskov, Vjatsheslav"]
[Black "Haitin, Ilja"]
[Result "0-1"]
[WhiteElo "2252"]
[BlackElo "2304"]
[PlyCount "64"]
[EventDate "2007.08.01"]
[EventType "tourn"]
[EventRounds "7"]
[EventCountry "EST"]
[SourceTitle "EXT 2009"]
[Source "ChessBase"]
[SourceDate "2008.11.26"]
[SourceVersion "1"]
[SourceVersionDate "2008.11.26"]
[SourceQuality "1"]

1. e4 e5 2. Nf3 Nc6 3. Bb5 f5 4. Nc3 fxe4 5. Nxe4 Nf6 6. Qe2 d5 7. Nxf6+ gxf6 8. d4 Bg7 9. dxe5 0-0 10. e6 Re8 11. 0-0 Rxe6 12. Be3 Ne5 13. Nd4 Re7 14. Bd3 c5 15. Nf5 c4 16. Nxe7+ Qxe7 17. Bxh7+ Kxh7 18. Qh5+ Kg8 19. Rfe1 Qf7 20. Qh4 Qg6 21. Kh1 Bf5 22. c3 Be4 23. Qh3 Kf7 24. Rad1 Rh8 25. Qg3 Qxg3 26. fxg3 Ng4 27. h4 Nxe3 28. Rxe3 f5 29. Rf1 Ke6 30. Kh2 Be5 31. Kh3 Rg8 32. a3 b5 0-1

[Event "EST-ch U20"]
[Site "Tallinn"]
[Date "2007.08.01"]
[Round "1"]
[White "Soskov, Vjatsheslav"]
[Black "Kukk, Sander"]
[Result "0-1"]
[WhiteElo "2252"]
[BlackElo "2048"]
[PlyCount "82"]
[EventDate "2007.08.01"]
[EventType "tourn"]
[EventRounds "7"]
[EventCountry "EST"]
[SourceTitle "EXT 2009"]
[Source "ChessBase"]
[SourceDate "2008.11.26"]
[SourceVersion "1"]
[SourceVersionDate "2008.11.26"]
[SourceQuality "1"]

1. c4 g6 2. Nc3 Bg7 3. g3 d6 4. Bg2 e5 5. e3 c6 6. Nge2 Be6 7. d3 Qd7 8. Ne4 Na6 9. Ng5 Bg4 10. f3 f6 11. fxg4 fxg5 12. Nc3 Nf6 13. 0-0 0-0 14. h3 e4 15. Nxe4 Nxe4 16. Bxe4 Rxf1+ 17. Qxf1 Rf8 18. Qe2 Be5 19. Kg2 d5 20. cxd5 cxd5 21. Bf3 Qd6 22. Bd2 Bxg3 23. d4 Bh4 24. Be1 Nc7 25. Rc1 Ne8 26. Qb5 Nf6 27. Qb4 Qe6 28. Qb3 Ne4 29. Bb4 Rf7 30. Qc2 Qf6 31. Bxe4 dxe4 32. Qxe4 Qf2+ 33. Kh1 Rf3 34. Rc8+ Kg7 35. Qe7+ Rf7 36. Qe5+ Kh6 37. Bf8+ Rxf8 38. Rxf8 Qxf8 39. d5 Qf3+ 40. Kh2 Qf2+ 41. Kh1 Bg3 0-1

[Event "EST-ch U20"]
[Site "Narva"]
[Date "2006.08.16"]
[Round "2"]
[White "Ezhov, Roman"]
[Black "Soskov, Vjatsheslav"]
[Result "0-1"]
[WhiteElo "2144"]
[BlackElo "2251"]
[PlyCount "66"]
[EventDate "2006.08.15"]
[EventType "tourn"]
[EventRounds "9"]
[EventCountry "EST"]
[EventCategory "2"]
[SourceTitle "CBM 113 Extra"]
[Source "ChessBase"]
[SourceDate "2006.09.14"]
[SourceVersion "1"]
[SourceVersionDate "2006.09.14"]
[SourceQuality "1"]

1. e4 c5 2. Nf3 e6 3. d4 cxd4 4. Nxd4 Nc6 5. Nc3 Qc7 6. Be2 a6 7. 0-0 Nf6 8. Kh1 b5 9. a3 Bb7 10. Be3 Na5 11. f3 Be7 12. Qd2 0-0 13. g4 Nc4 14. Bxc4 Qxc4 15. Nce2 g6 16. Ng3 d6 17. Bh6 Rfe8 18. h4 Nd7 19. h5 Bf6 20. Be3 d5 21. g5 Bg7 22. f4 dxe4 23. hxg6 hxg6 24. b3 Qc7 25. Rad1 Nb6 26. Qf2 Nd5 27. Kg2 Rac8 28. c4 bxc4 29. Rh1 cxb3 30. f5 Qc3 31. f6 Nxe3+ 32. Kg1 Nxd1 33. Qh2 Qxd4+ 0-1

[Event "Gothenburg Spiltan Pelaro"]
[Site "Gothenburg"]
[Date "2006.06.18"]
[Round "9"]
[White "Westerinen, Heikki MJ"]
[Black "Soskov, Vjatsheslav"]
[Result "1/2-1/2"]
[WhiteElo "2386"]
[BlackElo "2240"]
[PlyCount "66"]
[EventDate "2006.06.10"]
[EventType "tourn"]
[EventRounds "9"]
[EventCountry "SWE"]
[EventCategory "4"]
[SourceTitle "CBM 112 Extra"]
[Source "ChessBase"]
[SourceDate "2006.07.14"]
[SourceVersion "1"]
[SourceVersionDate "2006.07.14"]
[SourceQuality "1"]

1. e4 c5 2. Nf3 e6 3. Nc3 a6 4. g3 Nc6 5. Bg2 Qc7 6. 0-0 Nf6 7. d4 cxd4 8. Nxd4 Bc5 9. Nxc6 dxc6 10. Qe2 e5 11. Be3 Bxe3 12. Qxe3 0-0 13. a4 a5 14. h3 Be6 15. f4 Rad8 16. Rad1 Bc4 17. Rfe1 Ba6 18. Kh2 h6 19. fxe5 Rxd1 20. Rxd1 Qxe5 21. Qf4 Re8 22. Rd8 Qe7 23. Rxe8+ Nxe8 24. e5 f6 25. exf6 Nxf6 26. Ne4 Nxe4 27. Bxe4 Bc4 28. Qf5 Qe6 29. Qf4 Qe7 30. h4 Bd5 31. Bxd5+ cxd5 32. Qf5 Qe2+ 33. Kh3 Qd1 1/2-1/2

[Event "Gothenburg Spiltan Pelaro"]
[Site "Gothenburg"]
[Date "2006.06.17"]
[Round "8"]
[White "Soskov, Vjatsheslav"]
[Black "Svensson, Bengt"]
[Result "0-1"]
[WhiteElo "2240"]
[BlackElo "2388"]
[PlyCount "76"]
[EventDate "2006.06.10"]
[EventType "tourn"]
[EventRounds "9"]
[EventCountry "SWE"]
[EventCategory "4"]
[SourceTitle "CBM 112 Extra"]
[Source "ChessBase"]
[SourceDate "2006.07.14"]
[SourceVersion "1"]
[SourceVersionDate "2006.07.14"]
[SourceQuality "1"]

1. e4 c5 2. Nf3 d6 3. d4 cxd4 4. Nxd4 Nf6 5. Nc3 a6 6. f3 e6 7. Be3 b5 8. Qd2 Nbd7 9. g4 h6 10. h4 Bb7 11. 0-0-0 b4 12. Nce2 d5 13. Bh3 dxe4 14. g5 hxg5 15. hxg5 exf3 16. Ng3 Ne4 17. Nxe4 Bxe4 18. Bxe6 Rxh1 19. Rxh1 fxe6 20. Nxe6 Qc8 21. Re1 Qc4 22. Nxf8 Kxf8 23. Bd4 Bxc2 24. b3 Bxb3+ 25. Kb2 Bxa2 26. Bxg7+ Kxg7 27. Qxd7+ Kg8 28. g6 Qb3+ 29. Ka1 Qc3+ 30. Kxa2 b3+ 31. Ka3 Qa5+ 32. Kxb3 Rb8+ 33. Kc2 Qc5+ 34. Kd3 Rb3+ 35. Ke4 Qc4+ 36. Kf5 Rb5+ 37. Re5 Rxe5+ 38. Kxe5 Qb5+ 0-1

[Event "EST-chT 21st"]
[Site "Tallinn"]
[Date "2006.03.26"]
[Round "6"]
[White "Soskov, Vjatsheslav"]
[Black "Ilves, Juri"]
[Result "0-1"]
[WhiteElo "2239"]
[BlackElo "2096"]
[PlyCount "70"]
[EventDate "2006.03.23"]
[EventType "team"]
[EventRounds "7"]
[EventCountry "EST"]
[SourceTitle "EXT 2007"]
[Source "ChessBase"]
[SourceDate "2006.11.23"]
[SourceVersion "1"]
[SourceVersionDate "2006.11.23"]
[SourceQuality "1"]
[WhiteTeam "Narva Maletaht"]
[BlackTeam "Paul Keres MK"]
[WhiteTeamCountry "EST"]
[BlackTeamCountry "EST"]

1. e4 c5 2. Nf3 d6 3. d4 cxd4 4. Nxd4 Nf6 5. f3 a6 6. Nc3 e5 7. Nb3 Be6 8. Be3 b5 9. Qd2 Be7 10. 0-0-0 Nbd7 11. g4 Nb6 12. Qf2 Nfd7 13. Kb1 Nc4 14. Bxc4 bxc4 15. Nc1 Rb8 16. N1e2 Rb7 17. h4 Qb8 18. Bc1 Nc5 19. g5 Bd8 20. h5 f5 21. exf5 Bxf5 22. Ng3 Be6 23. Nge4 Nxe4 24. Nxe4 Be7 25. c3 Rf8 26. Qe3 Rb5 27. h6 g6 28. Rh2 d5 29. Nf6+ Bxf6 30. gxf6 Rxf6 31. Re2 Bf5+ 32. Ka1 Re6 33. f4 Ra5 34. b3 Qxb3 35. Rb2 Rxa2+ 0-1

[Event "EST-chT 21st"]
[Site "Tallinn"]
[Date "2006.03.25"]
[Round "4"]
[White "Soskov, Vjatsheslav"]
[Black "Valner, Uku"]
[Result "1-0"]
[WhiteElo "2239"]
[BlackElo "2102"]
[PlyCount "47"]
[EventDate "2006.03.23"]
[EventType "team"]
[EventRounds "7"]
[EventCountry "EST"]
[SourceTitle "EXT 2007"]
[Source "ChessBase"]
[SourceDate "2006.11.23"]
[SourceVersion "1"]
[SourceVersionDate "2006.11.23"]
[SourceQuality "1"]
[WhiteTeam "Narva Maletaht"]
[BlackTeam "Reval Sport"]
[WhiteTeamCountry "EST"]
[BlackTeamCountry "EST"]

1. e4 e6 2. d4 b6 3. Bd3 Bb7 4. Qe2 f5 5. f3 Nc6 6. c3 fxe4 7. fxe4 e5 8. d5 Nce7 9. Nf3 Ng6 10. 0-0 Bc5+ 11. Kh1 Nf6 12. Bg5 h6 13. Bd2 0-0 14. b4 Bd6 15. Na3 c6 16. Nc4 Bb8 17. d6 Qe8 18. Rad1 Kh7 19. Nfxe5 Nxe5 20. Nxe5 Qxe5 21. Bf4 Qe6 22. e5+ g6 23. exf6 Rxf6 24. Qh5 1-0